000 00696nam a2200205Ia 4500
999 _c65208
_d65208
005 20240530110812.0
008 140319s1993 au a b 000 0 ara d
017 _a1993/1699
_bمصر . دار الكتب
040 _aGCL /
_cGCL
082 0 4 _221
_a780.9494 /
_bر ح
100 1 _aروسية ، دومينيك
245 1 2 _aالحياة الموسيقية فى سويسرا :
_b8 مقالات /
_cدومينيك روسيه
250 _aط.1
260 _aعمان :
_bدار دجلة،
_c2010 .
300 _a116 ص. :
_bايض. ؛
_c20 سم.
650 0 7 _aالموسيقى
_2qrmak
_zسويسرا
651 _2qrmak
942 _2ddc
_cBK